000 00346nam a2200157Ia 4500
003 OSt
005 20231123063613.0
008 170524s9999 xx 000 0 und d
020 _a0-07-451514-4
040 _cIIMT
100 _aAndrews sudhir
245 0 _aHotel housekeeping
260 _bTata mcgraw hill
260 _c1985
942 _2ddc
_c02
999 _c6340
_d6340